Los fichajes más caros del fútbol - Defensas centrales - 2014-2015 - Estadísticas

Estadísticas generales
  • Esta prueba ha sido intentada 29 veces
  • La puntuación promedio es 6 de 10
Estadísticas de respuestas
Fee (M €) Nationality Left Joined Player % Correcto
49,50 Brasil Chelsea PSG David Luiz
92%
15,00 Grecia Olympiacos AS Roma Konstantinos Manolas
83%
25,30 Croacia Southampton Liverpool Dejan Lovren
79%
19,00 Bélgica Arsenal FC Barcelona Thomas Vermaelen
75%
28,00 Marruecos AS Roma Bayern Múnich Medhi Benatia
63%
17,50 Países Bajos Ajax Manchester United Daley Blind
58%
20,00 Argentina Sporting Lisboa Manchester United Marcos Rojo
58%
45,00 Francia Oporto Manchester City Eliaquim Mangala
46%
15,00 Brasil Villarreal CF Arsenal Gabriel Paulista
38%
20,23 Inglaterra Southampton Arsenal Calum Chambers
17%
No se encontraron pruebas coincidentes
Distribución de puntuación
Porcentaje de gente con cada puntuación
Porcentaje por número respondido
Historial de tus puntuaciones
No has intentado esta prueba.